000 00391nam a2200145Ia 4500
008 151021s9999 xx 000 0 und d
020 _a1572317264
050 _aQA76.76.T57C53 1997
245 _a_Microsoft Office 97
260 _aU S A Microsoft Press 1997
300 _a287p.;ill
500 _aincludes index
650 _a_Microsoft Office 97
980 _a^d20110120 12:22:32^oanne
999 _c6283
_d6283